Fire safety in section 20 buildings (Record no. 105769)

MARC details
000 -LEADER
fixed length control field 00924cam a2200253 4500
001 - CONTROL NUMBER
control field ##L134677
008 - FIXED-LENGTH DATA ELEMENTS--GENERAL INFORMATION
fixed length control field 060824n1997 000 0 eng u
020 ## - INTERNATIONAL STANDARD BOOK NUMBER
International Standard Book Number 0951651897
035 ## - SYSTEM CONTROL NUMBER
System control number (Sirsi) u134677
041 0# - LANGUAGE CODE
Language code of text/sound track or separate title eng
050 04 - LIBRARY OF CONGRESS CALL NUMBER
Classification number 692.2109421 $2 18
110 2# - MAIN ENTRY--CORPORATE NAME
Corporate name or jurisdiction name as entry element London District Surveyors Association
9 (RLIN) 949
245 00 - TITLE STATEMENT
Title Fire safety in section 20 buildings
250 ## - EDITION STATEMENT
Edition statement 2nd ed.
260 ## - PUBLICATION, DISTRIBUTION, ETC.
Place of publication, distribution, etc. Beckenham
Name of publisher, distributor, etc. LDSA Publications
Date of publication, distribution, etc. 1997
300 ## - PHYSICAL DESCRIPTION
Extent 44p.
Dimensions 30cm.
490 #0 - SERIES STATEMENT
Series statement Fire Safety Guide
Volume/sequential designation 1
520 ## - SUMMARY, ETC.
Summary, etc. Guidance for applicants in setting out proposals for consideration by local authorities under section 20 of the London Building Acts (amendment) Act 1939 (as amended primarily by the Building (Inner London) Regulations 1985).
590 ## - LOCAL NOTE (RLIN)
Local note IKA050906
650 24 - SUBJECT ADDED ENTRY--TOPICAL TERM
Topical term or geographic name entry element LONDON BUILDING ACTS (AMENDMENT) ACT 1939 S20
651 #4 - SUBJECT ADDED ENTRY--GEOGRAPHIC NAME
Geographic name LONDON
690 ## - LOCAL SUBJECT ADDED ENTRY--TOPICAL TERM (OCLC, RLIN)
Topical term or geographic name as entry element MANAGEMENT-HEALTH AND SAFETY-FIRE SAFETY
942 ## - ADDED ENTRY ELEMENTS (KOHA)
Suppress in OPAC 0
Holdings
Withdrawn status Lost status Source of classification or shelving scheme Damaged status Not for loan Home library Current library Shelving location Date acquired Total Checkouts Full call number Barcode Date last seen Date last checked out Copy number Price effective from Koha item type
    Dewey Decimal Classification     London London Folio 24/08/2006 2 F692.2109421 LON 30071567 06/08/2019 16/10/2006 1 06/08/2019 Book